000 00654nam a2200217 4500
001 107123
003 ES-MaACL
005 20230906184343.0
007 t|
008 061121s1959 sp r ||||1| spa d
100 1 _aMorales Cepero, J.
_983025
245 1 0 _aCuide usted sus dientes /
_cJ. Morales Cepero; prólogo Pedro Trobo Hermosa.
250 _a1.ª ed.
260 _aBarcelona :
_bAymá,
_c1959.
300 _a177 p. ;
_c18 cm.
490 1 _aVivir es saber, saber es vivir
700 1 _aTrobo Hermosa, Pedro.
_9111473
830 0 _aVivir es saber, saber es vivir
_9182014
852 _aES-MaACL
_jC-16345
_bR.44188
999 _c107123
_d107123